| 000 | 01340nam a2200253 a 4500 | ||
|---|---|---|---|
| 008 | 090709s2007 ||||||||||||||||| || u | ||
| 020 | _a9780073100234 | ||
| 050 | _aHF 5681.B2 Wil | ||
| 100 | _aHalsey, Robert F | ||
| 245 | 1 | 0 |
_aFinancial statement analysis. -- 9th ed. _cJohn J. Wild, K. R. Subramanyam and Robert F. Halsey |
| 250 | _a9th ed. | ||
| 260 |
_aNew York: _bMcGraw-Hill/Irwin _c2007 |
||
| 300 | _axxiii, 657, 106p.: ill. | ||
| 350 | _a0.00 | ||
| 500 | _aIncludes index | ||
| 650 | 0 | _aBUSINESS | |
| 650 | _aBUSINESS ACCOUNTING--FINANCIAL STATEMENTS | ||
| 700 | _aWild, John J | ||
| 700 | _aSubramanyam, K. R | ||
| 995 |
_aANNEX COLLECTION (Main Library) _D0.00 _e740290 _FCBU-MAIN LIBRARY (Kitwe) _H1 _I0.00 _jHF 5681.B2 Wil _M2 _UAVAILABLE _WAug 26, 2009 _y740290 _ZAnnex Low-Usage Collection |
||
| 995 |
_aMAIN LIBRARY OPEN ACCESS _D0.00 _e740291 _FCBU-MAIN LIBRARY (Kitwe) _H1 _I0.00 _jHF 5681.B2 Wil _M3 _UAVAILABLE _WAug 26, 2009 _y740291 _ZMain Library Open Access Collection |
||
| 995 |
_aANNEX COLLECTION (Main Library) _D0.00 _e740292 _FCBU-MAIN LIBRARY (Kitwe) _H1 _I0.00 _jHF 5681.B2 Wil _M4 _UAVAILABLE _WAug 26, 2009 _y740292 _ZAnnex Low-Usage Collection |
||
| 995 |
_aMAIN LIBRARY OPEN ACCESS _D0.00 _e740289 _FCBU-MAIN LIBRARY (Kitwe) _H1 _I0.00 _jHF 5681.B2 Wil _M1 _UAVAILABLE _WAug 26, 2009 _y740289 _ZMain Library Open Access Collection |
||
| 999 |
_c63118 _d63118 |
||